| 000 | 01007nam a2200265Ia 4500 | ||
|---|---|---|---|
| 003 | OSt | ||
| 005 | 20221005111857.0 | ||
| 006 | a|||||r|||| 00| 0 | ||
| 007 | ta | ||
| 008 | 221004b |||||||| |||| 00| 0 hin d | ||
| 020 |
_a9789385309106 (hbk) _c850 |
||
| 024 | _a24389 | ||
| 037 |
_b61, 30/12/2015, Mallika Books _cTextual |
||
| 040 |
_aCRL _cCRL _bhin |
||
| 041 |
_2hin _ahin |
||
| 082 | _aO152:gN, Q5 | ||
| 100 | _aजैन, सुमन | ||
| 245 | 0 |
_aहिन्दी साहित्य की अन्तर्यात्रा _b गोरखनाथ से नागार्जुन |
|
| 246 | _aHindī sāhitya kī antaryātrā: gorakhanāth se nāgārjuna | ||
| 260 |
_aवाराणसी _bकला प्रकाशन भारत _c2015 |
||
| 300 |
_a234पृ0 _ccm. |
||
| 650 | _aहिन्दी साहित्य | ||
| 942 |
_hO152:gN, Q5 _cTEXL _2cc |
||
| 999 |
_c1023166 _d1023166 |
||